| 000 | 01542nam a2200301 i 4500 | ||
|---|---|---|---|
| 003 | DO-SdBNP | ||
| 005 | 20240416150005.0 | ||
| 007 | ta | ||
| 008 | 211029b2021 dr d ||| |||| 00| 0 spa d | ||
| 020 | _a9789945621402 | ||
| 040 |
_aDO-SdBNP _bspa _cBNPHU _erda |
||
| 082 | _222 | ||
| 110 | 1 |
_aRepública Dominicana. _bMinisterio de Salud Pública y Asistencia Social. _978774 |
|
| 245 | 1 | 0 |
_aManual de intervención para modelos diferenciados de tratamiento integral dirigido a la población con VIH / _ccoordinación técnica y editorial ; Monica Cristina Thormann Peynado. |
| 264 | 1 |
_aSanto Domingo : _bMinisterio de Salud Pública y Asistencia Social, _c2021. |
|
| 300 |
_a37 páginas _bgraficas _c26 cm. |
||
| 336 |
_2rdacontent _atexto _btxt |
||
| 337 |
_2rdamedia _asin mediación _bn |
||
| 338 |
_2rdacarrier _avolumen _bnc |
||
| 504 | _aBibliografía : p. 35-37 | ||
| 505 | 0 |
_gCapítulo 1. _tMarco conceptual del Modelo Diferenciado de Atención para VIH -- _gCapítulo 2. _tClasificación general de los usuarios de los Modelos diferenciados _gCapítulo 3. _tModelos Diferenciados para usuarios estables -- _gCapítulo 4. _tModelo Diferenciado de Atención para usuarios inestables -- _gCapítulo 5. _tModelo Diferenciado de Atención para población clave -- _tAnexos. |
|
| 590 | _aInventariado, 2021 /LP | ||
| 700 | 1 |
_aThormann Peynado, Monica Cristina, _ecoordinador _980408 |
|
| 700 | 1 |
_aLedesma Báez, José, _ecoord. _980392 |
|
| 700 | 1 |
_aJiménez Montás, Marisol, _ecoord. _980391 |
|
| 910 | _aLopérez | ||
| 942 |
_2ddc _cLF2 |
||
| 999 |
_c50834 _d50834 |
||